000 00894nas a2200301 4500
001 BR2013000876
003 BR-BrBNA
005 20231205121911.0
007 ta
008 230509b bl.|||p| |||| 00| 00por d
040 _aBR-BrBNA
_bpor
_cBiblioteca Nacional de Agricultura
041 _a(Pt)
072 _aL73
100 1 _aAlencar, N.X. de
100 1 _aBruno, S.F.
100 1 _aCampos,. S.D.E.
100 1 _aQueiroz, G.B. de
100 1 _aSouza, A.M. de
100 1 _aMacieira, D. de B.
245 1 _alinfoma em hamster chinês (Cricetulus griseus): relato de dois casos
650 _aHAMSTER
650 _aLINFOMA
650 _aCITOLOGIA
650 _aNEOPLASIA
773 0 _tRevista Brasileira de Medicina Veterinária (Brazil)
_xISSN 0100-2430
_g(Apr-Jun 2012), v. 34(2) p. 141-145
_wBR2013000876
909 _a202311
_bLúcia
_c55
_dLúcia Elande
942 _2AGRIS
_n0
_cANA
999 _c225838
_d225838